[Event "Barcelona Vila de Grаcia op 16th"]
[Site "Barcelona"]
[Date "2022.11.11"]
[Round "7"]
[White "Perez Garcia, Adria"]
[Black "Chanturia, Lasha"]
[Result "1-0"]
[WhiteElo "2133"]
[BlackElo "1711"]
[PlyCount "123"]
[EventDate "2022.09.30"]
[EventType "swiss"]
[EventRounds "9"]
[EventCountry "ESP"]
[SourceTitle "EXT 2024"]
[Source "ChessBase"]
[SourceDate "2023.10.10"]
[SourceVersion "1"]
[SourceVersionDate "2023.10.10"]
[SourceQuality "1"]

1. d4 Nf6 2. Bf4 b6 3. e3 Bb7 4. Nf3 e6 5. a4 Nc6 6. Be2 Be7 7. h3 0-0 8. 0-0 Ne4 9. Nfd2 Nb4 10. c3 Nxd2 11. Nxd2 Nd5 12. Bg3 f5 13. Bf3 Rb8 14. a5 b5 15. a6 Ba8 16. e4 Nb6 17. exf5 Bxf3 18. Qxf3 Rxf5 19. Qd3 Nd5 20. Rfe1 Bh4 21. Re4 Bxg3 22. Qxg3 Rg5 23. Rg4 Rxg4 24. Qxg4 Qf6 25. Ne4 Qf4 26. Nc5 Qxg4 27. hxg4 Nb6 28. f3 Kf7 29. Kf2 Ke7 30. g5 Na4 31. Nd3 Kf8 32. Ne5 Rd8 33. c4 Nxb2 34. cxb5 Ke7 35. Rh1 Rg8 36. Rxh7 Nd1+ 37. Kg3 Nc3 38. Rh4 Nxb5 39. Rf4 Nd6 40. Ng6+ Ke8 41. Kf2 Nf5 42. d5 Ne7 43. Nxe7 Kxe7 44. dxe6 Kxe6 45. Rb4 c5 46. Rb7 Rc8 47. Ke3 Kd6 48. f4 Kc6 49. f5 Re8+ 50. Kd3 Re5 51. g4 Rd5+ 52. Ke3 c4 53. f6 Re5+ 54. Kd4 Rxg5 55. f7 Rxg4+ 56. Ke3 Rg3+ 57. Kf2 Rg6 58. f8Q Rf6+ 59. Qxf6+ gxf6 60. Rxa7 Kb6 61. Rxd7 Kxa6 62. Rd5 1-0

[Event "GEO-chT Club"]
[Site "Tbilisi"]
[Date "2017.12.04"]
[Round "6.4"]
[White "Jojua, Davit"]
[Black "Chanturia, Lasha"]
[Result "1-0"]
[WhiteElo "2591"]
[BlackElo "1793"]
[PlyCount "61"]
[EventDate "2017.11.29"]
[EventType "team-tourn"]
[EventRounds "7"]
[EventCountry "GEO"]
[SourceTitle "CBM 181 Extra"]
[Source "ChessBase"]
[SourceDate "2017.12.12"]
[SourceVersion "1"]
[SourceVersionDate "2017.12.12"]
[SourceQuality "1"]
[WhiteTeam "Batumi Nona"]
[BlackTeam "Samegrelo"]
[WhiteTeamCountry "GEO"]
[BlackTeamCountry "GEO"]

1. d4 Nf6 2. c4 e6 3. Nf3 b6 4. g3 Bb7 5. Bg2 Be7 6. 0-0 0-0 7. Re1 Ne4 8. Nfd2 f5 9. Qb3 Nxd2 10. Nxd2 Bxg2 11. Kxg2 f4 12. Nf3 fxg3 13. hxg3 Nc6 14. d5 exd5 15. cxd5 Na5 16. Qc2 Qe8 17. Rh1 Qg6 18. Qxg6 hxg6 19. Ne5 Bc5 20. e3 Rf5 21. Nxg6 Kf7 22. Nf4 Rf8 23. e4 Re5 24. f3 Re7 25. Rh5 g6 26. Rh7+ Kf6 27. Rh6 Rg8 28. Rb1 Nc4 29. Nh5+ Kf7 30. Rh7+ Ke8 31. Nf6+ 1-0

[Event "Poti Aleksandria Cup-B 8th"]
[Site "Poti"]
[Date "2013.07.19"]
[Round "8"]
[White "Mindorashvili, Vano"]
[Black "Chanturia, Lasha"]
[Result "1/2-1/2"]
[WhiteElo "1985"]
[BlackElo "1953"]
[PlyCount "180"]
[EventDate "2013.07.13"]
[EventType "swiss"]
[EventRounds "9"]
[EventCountry "GEO"]
[SourceTitle "EXT 2014"]
[Source "ChessBase"]
[SourceDate "2013.11.20"]
[SourceVersion "1"]
[SourceVersionDate "2013.11.20"]
[SourceQuality "1"]

1. d4 Nf6 2. c4 e6 3. Nf3 Bb4+ 4. Nbd2 c5 5. a3 Bxd2+ 6. Qxd2 cxd4 7. Nxd4 0-0 8. g3 Nc6 9. Bg2 Qb6 10. Nc2 Na5 11. Qc3 d5 12. cxd5 Nxd5 13. Qd4 Qc7 14. Bxd5 exd5 15. Qd3 Bh3 16. Nb4 Bg2 17. Rg1 Be4 18. Qd1 Qe5 19. Nd3 Qf6 20. f3 Bf5 21. Nf4 d4 22. g4 Be6 23. g5 Qe5 24. Nxe6 Qxe6 25. Qd3 Nb3 26. Rb1 Nc5 27. Qxd4 Nb3 28. Qe3 Qc4 29. Rg4 Qd5 30. Qe4 Qa5+ 31. Qb4 Qf5 32. Qe4 Qa5+ 33. Kf2 Rfe8 34. Qd3 Nxc1 35. Rxc1 Rad8 36. Qc3 Qb6+ 37. Qc5 Qxb2 38. Rc2 Qb3 39. Rb4 Qe6 40. Rxb7 Rd5 41. Qxa7 Rxg5 42. Rb8 h6 43. Rxe8+ Qxe8 44. Qd4 Qb8 45. f4 Rg6 46. Qb4 Qd8 47. f5 Rg5 48. Rc5 Qd1 49. Ke3 Qg1+ 50. Kd2 Qxh2 51. Qe4 Qd6+ 52. Rd5 Qf6 53. Re5 Rg3 54. a4 Qd8+ 55. Rd5 Qc8 56. Qd4 Qa6 57. Qe4 Qb6 58. Rb5 Qd8+ 59. Rd5 Qg5+ 60. Kc2 Re3 61. Qc4 Qg2 62. Kd2 Rxe2+ 63. Qxe2 Qxd5+ 64. Kc3 Qxf5 65. Kb4 Qb1+ 66. Ka5 Qg6 67. Kb5 Qf5+ 68. Kb6 Qf6+ 69. Kb7 Qd6 70. Qb5 Qe7+ 71. Kb6 Qd6+ 72. Kb7 Qe7+ 73. Kb6 Qe3+ 74. Kb7 Qe4+ 75. Kc7 Qe7+ 76. Kb6 Qd8+ 77. Kb7 h5 78. a5 h4 79. a6 h3 80. a7 h2 81. Qc6 Qe7+ 82. Kb8 Qd8+ 83. Kb7 Qe7+ 84. Kb8 Qb4+ 85. Kc8 Qg4+ 86. Kb7 Qb4+ 87. Kc7 Qf4+ 88. Kc8 Qg4+ 89. Kb7 Qb4+ 90. Kc8 Qg4+ 1/2-1/2

[Event "Poti Aleksandria Cup-B 8th"]
[Site "Poti"]
[Date "2013.07.16"]
[Round "5"]
[White "Chanturia, Lasha"]
[Black "Petriashvili, Nikoloz"]
[Result "1-0"]
[WhiteElo "1953"]
[BlackElo "1696"]
[PlyCount "81"]
[EventDate "2013.07.13"]
[EventType "swiss"]
[EventRounds "9"]
[EventCountry "GEO"]
[SourceTitle "EXT 2014"]
[Source "ChessBase"]
[SourceDate "2013.11.20"]
[SourceVersion "1"]
[SourceVersionDate "2013.11.20"]
[SourceQuality "1"]

1. e4 c5 2. Nf3 Nc6 3. Bb5 d6 4. c4 a6 5. Ba4 Bd7 6. Nc3 Nf6 7. 0-0 g6 8. Nd5 Bg7 9. d3 0-0 10. Bg5 Nxd5 11. exd5 Nd4 12. Nxd4 Bxd4 13. Bh6 Re8 14. Bxd7 Qxd7 15. Qc2 e5 16. Kh1 f5 17. Bd2 b5 18. Rab1 b4 19. f3 a5 20. a4 f4 21. b3 g5 22. Rbe1 Qf5 23. Re4 h5 24. Be1 Kf7 25. Bf2 Bxf2 26. Rxf2 Rg8 27. d4 cxd4 28. c5 Rac8 29. c6 g4 30. fxg4 Qxg4 31. Qd3 h4 32. Qd2 Kg7 33. Rfxf4 exf4 34. Rxf4 Qg5 35. Qxd4+ Qe5 36. Rg4+ Kf6 37. Qf2+ Ke7 38. Qxh4+ Kf7 39. Rf4+ Kg6 40. Qg3+ Qg5 41. Rg4 1-0